Online
Catalog

Pensar las ciencias sociales hoy : (Record no. 22614)

MARC details
000 -CABECERA
campo de control de longitud fija 01683nam a2200289 a 4500
001 - NÚMERO DE CONTROL
campo de control 000023117
005 - FECHA Y HORA DE LA ÚLTIMA TRANSACCIÓN
campo de control 20200930022011.0
008 - DATOS DE LONGITUD FIJA--INFORMACIÓN GENERAL
campo de control de longitud fija 101126s1999 mx r 000 | spa d
020 ## - NÚMERO INTERNACIONAL ESTÁNDAR DEL LIBRO
Número Internacional Estándar del Libro 9685087024
082 ## - NÚMERO DE LA CLASIFICACIÓN DECIMAL DEWEY
Número de clasificación xxx
Número de documento/Ítem P418c
049 ## - FONDOS LOCALES (OCLC)
Fondos de biblioteca BNGR
040 ## - FUENTE DE LA CATALOGACIÓN
Centro catalogador/agencia de origen DO-SdBNP
245 10 - MENCIÓN DE TÍTULO
Título Pensar las ciencias sociales hoy :
Resto del título reflexiones desde la cultura /
Mención de responsabilidad, etc. coordinación de Rossana Reguillo Cruz; Raúl Fuentes Navarro.
260 ## - PUBLICACIÓN, DISTRIBUCIÓN, ETC.
Lugar de publicación, distribución, etc. Tlaquepaque :
Nombre del editor, distribuidor, etc. ITESO,
Fecha de publicación, distribución, etc. 1999.
300 ## - DESCRIPCIÓN FÍSICA
Extensión 250 p. ;
Dimensiones 23 cm.
500 ## - NOTA GENERAL
Nota general Incluye notas al pie de páginas
505 ## - NOTA DE CONTENIDO CON FORMATO
Título Ciencias sociales, globalización y paradigmas /
Mención de responsabilidad Renato Ortiz
Título De cómo Clifford Geetz y Pierre Bourdieu llegaron al exilio /
Mención de responsabilidad Néstor García Canclini
Título La importacia estratégica de los estudios culturales en el campo de la ciencias sociales /
Mención de responsabilidad Gilberto Giménez
Título Las culturas emergentes en las ciencias sociales /
Mención de responsabilidad Rossana Reguillo
Título Interculturalidad y estados nacionales /
Mención de responsabilidad José Manuel Valenzuela Arce
Título La reconfiguración de la sociedad y política : compromisos y desafíos para las ciencias sociales /
Mención de responsabilidad Juan Manuel Ramírez Sáiz
Título Políticas científicas y ciencias sociales /
Mención de responsabilidad Larissa Adler-Lomnitz
Título Institucionalización y posdisciplinarización de las ciencias sociales en México /
Mención de responsabilidad Raúl Fuentes Navarro
700 1# - PUNTO DE ACCESO ADICIONAL--NOMBRE DE PERSONA
Nombre de persona Fuentes Navarro, Raúl
9 (RLIN) 33900
700 1# - PUNTO DE ACCESO ADICIONAL--NOMBRE DE PERSONA
Nombre de persona Ortiz, Renato
9 (RLIN) 47587
700 1# - PUNTO DE ACCESO ADICIONAL--NOMBRE DE PERSONA
Nombre de persona García Canclini, Néstor
9 (RLIN) 47588
700 1# - PUNTO DE ACCESO ADICIONAL--NOMBRE DE PERSONA
Nombre de persona Giménez, Gilberto
9 (RLIN) 47589
700 1# - PUNTO DE ACCESO ADICIONAL--NOMBRE DE PERSONA
Nombre de persona Reguillo Cruz, Rossana
9 (RLIN) 47590
700 1# - PUNTO DE ACCESO ADICIONAL--NOMBRE DE PERSONA
Nombre de persona Valenzuela Arce, José Manuel
9 (RLIN) 47591
700 1# - PUNTO DE ACCESO ADICIONAL--NOMBRE DE PERSONA
Nombre de persona Ramírez Sáiz, Juan Manuel
9 (RLIN) 47592
700 1# - PUNTO DE ACCESO ADICIONAL--NOMBRE DE PERSONA
Nombre de persona Adler-Lomnitz, Larissa
9 (RLIN) 47593
700 1# - PUNTO DE ACCESO ADICIONAL--NOMBRE DE PERSONA
Nombre de persona Fuentes Navarro , Raúl
9 (RLIN) 33900
Holdings
Estado de retiro Estado de pérdida Restricciones de uso No para préstamo Código de colección Localización permanente Ubicación/localización actual Ubicación en estantería Fecha de adquisición Número de inventario Total de préstamos Signatura topográfica completa Código de barras Fecha visto por última vez Precio válido a partir de Tipo de ítem Koha
      Excluido de préstamo Monografías: Libros y Folletos General General En catalogación 26.11.2010 LF1   xxx P418c 23117-10 25.06.2020 25.06.2020 No se presta

Powered by Koha